000 00356nam a2200133Ia 4500
005 20260326100044.0
008 260326s9999||||xx |||||||||||||| ||und||
100 _aRambert, Charles
245 0 _aL' Habitat collectif :
_b Probleme urbain /
_cCharles Rambert
260 _bVincent Freal
300 _a143 p.
650 _aVIVIENDA MULTIFAMILIAR
942 _cBK
999 _c7131
_d7131